000 00382nam a2200157Ia 4500
008 230917s9999||||xx |||||||||||||| ||und||
040 _e37986
_aMAIN
041 _aEnglish
082 _a658.3 M137I
100 _aMcCormick, Ernest J
245 0 _aIndustrial psychology
250 _a6th ed.
260 _aNew Delhi
_bPrentice-Hall
_c1979
300 _axii, 625 p.
942 _cBK
999 _c207862
_d207862